书目信息 |
| 题名: |
深度学习入门之PyTorch
|
|
| 作者: | 廖星宇 编著 | |
| 分册: | ||
| 出版信息: | 北京 电子工业出版社 2017.10 |
|
| 页数: | 221页 | |
| 开本: | 24cm | |
| 丛书名: | ||
| 单 册: | ||
| 中图分类: | TP181 | |
| 科图分类: | ||
| 主题词: | 机器学习 | |
| 电子资源: | ||
| ISBN: | 978-7-121-32620-2 | |
| 000 | 00974nam0 2200241 450 | |
| 001 | 24 | |
| 005 | 20180920163152.71 | |
| 010 | @a978-7-121-32620-2@dCNY79.00 | |
| 100 | @a20180217d2017 em y0chiy50 ea | |
| 101 | 0 | @achi |
| 102 | @aCN@b110000 | |
| 105 | @aa z 000yy | |
| 200 | 1 | @a深度学习入门之PyTorch@9shen du xue xi ru men zhi PyTorch@f廖星宇编著 |
| 210 | @a北京@c电子工业出版社@d2017.10 | |
| 215 | @a221页@c图@d24cm | |
| 300 | @a博文视点AI系列 | |
| 330 | @a本书将从机器学习和深度学习的基础理论入手,从零开始学习PyTorch,了解PyTorch基础,以及如何用PyTorch框架搭建模型。通过阅读全书,读者将学到机器学习中的线性回归和Logistic回归、深度学习的优化方法、多层全连接神经网络、卷积神经网络、循环神经网络,以及生成对抗网络,最后通过实战了解深度学习前沿的研究成果,以及PyTorch在实际项目中的应用。 | |
| 606 | 0 | @a机器学习 |
| 610 | 0 | @aPyTorch |
| 690 | @aTP181@v5 | |
| 701 | 0 | @a廖星宇@9liao xing yu@4编著 |
| 801 | 0 | @aCN@b91MARC@c20180217 |
| 905 | @aMuseLib@dTP181@e143 | |
| 深度学习入门之PyTorch/廖星宇编著.-北京:电子工业出版社,2017.10 |
| 221页:图;24cm |
| 博文视点AI系列 |
| ISBN 978-7-121-32620-2:CNY79.00 |
| 本书将从机器学习和深度学习的基础理论入手,从零开始学习PyTorch,了解PyTorch基础,以及如何用PyTorch框架搭建模型。通过阅读全书,读者将学到机器学习中的线性回归和Logistic回归、深度学习的优化方法、多层全连接神经网络、卷积神经网络、循环神经网络,以及生成对抗网络,最后通过实战了解深度学习前沿的研究成果,以及PyTorch在实际项目中的应用。 |
| ● |
| 相关链接 |
|
|
|
|
正题名:深度学习入门之PyTorch
索取号:TP181/143
 
预约/预借
| 序号 | 登录号 | 条形码 | 馆藏地/架位号 | 状态 | 备注 |
| 1 | 1117859 | 211178599 | 第二样本阅览室/ [索取号:TP181/143] | 在馆 | |
| 2 | 1117860 | 211178606 | 第三借阅区/ [索取号:TP181/143] | 在馆 | |
| 3 | 1117861 | 211178615 | 第三借阅区/ [索取号:TP181/143] | 在馆 | |
| 4 | 1117862 | 211178624 | 第三借阅区/ [索取号:TP181/143] | 在馆 | |
| 5 | 1117863 | 211178633 | 第三借阅区/ [索取号:TP181/143] | 在馆 |